000 00983nam a2200277 4500
001 33117
003 BD-RjUL
005 20211209051941.0
008 140430s1962 enka b 001 0 eng d
035 _a(BD-RjUL)33208
040 _aDLC
_cDLC
_dDLC
_dBD-RjUL
_beng
041 _aeng
082 0 0 _a301
_bPOO V-1 1962
100 1 _aPopper, Karl R.
_q(Karl Raimund),
_d1902-1994.
_9290
245 1 4 _aThe open society and its enemies /
_cKarl R. Popper.
_nVolume 1
_pThe Spell of Plato
250 _a4th ed.
260 _aLondon :
_bRoutledge & Kegan Paul,
_c1962.
300 _axi,351 p. ;
_bill. ;
_c21 cm.
504 _aBibliographical references included in "Notes" (v. 1, p. 202-320; v. 2, p. 281-367) and Index
505 0 _av. 1. The spell of Plato.--v. 2. The high tide of prophecy: Hegel, Marx, and the aftermath.
650 0 _aPhilosophy.
_9100613
650 0 _aSocial sciences
_xPhilosophy.
_910283
942 _2ddc
_cBK
999 _c33117
_d33117